Mary Anne saves the day / (Record no. 989)

MARC details
000 -LEADER
fixed length control field 01099cam a2200313 a 4500
005 - DATE AND TIME OF LATEST TRANSACTION
control field 20230815152425.0
020 ## - INTERNATIONAL STANDARD BOOK NUMBER
International Standard Book Number 0590339532 (pbk.) :
020 ## - INTERNATIONAL STANDARD BOOK NUMBER
International Standard Book Number 9780590251594
040 ## - CATALOGING SOURCE
Original cataloging agency DLC
Transcribing agency DLC
Modifying agency OCoLC
-- DLC
Language of cataloging eng
050 00 - LIBRARY OF CONGRESS CALL NUMBER
Classification number PZ7.M3567585
Item number Mar 1987
082 00 - DEWEY DECIMAL CLASSIFICATION NUMBER
Classification number [Fic]
Edition number 19
100 1# - MAIN ENTRY--PERSONAL NAME
Personal name Martin, Ann M.,
Dates associated with a name 1955-
245 10 - TITLE STATEMENT
Title Mary Anne saves the day /
Statement of responsibility, etc. Ann M. Martin.
260 ## - PUBLICATION, DISTRIBUTION, ETC.
Place of publication, distribution, etc. New York :
Name of publisher, distributor, etc. Scholastic,
Date of publication, distribution, etc. 1987.
300 ## - PHYSICAL DESCRIPTION
Extent 167 pages :
Dimensions 20 cm
490 1# - SERIES STATEMENT
Series statement The Baby-sitters Club ;
Volume/sequential designation Book 4
500 ## - GENERAL NOTE
General note "An Apple paperback."
505 ## - FORMATTED CONTENTS NOTE
Formatted contents note P <br/>
520 ## - SUMMARY, ETC.
Summary, etc. When a fight breaks out among the members of the Babysitters Club, timid Mary Anne finds herself becoming more assertive as a baby sitter and in her relationships with her father and friends.
521 ## - TARGET AUDIENCE NOTE
Target audience note 630 <br/>
Source Lexile <br/>
521 ## - TARGET AUDIENCE NOTE
Target audience note P <br/>
Source Raz-Plus <br/>
650 #1 - SUBJECT ADDED ENTRY--TOPICAL TERM
Topical term or geographic name entry element Babysitters and babysitting
General subdivision Fiction.
650 #1 - SUBJECT ADDED ENTRY--TOPICAL TERM
Topical term or geographic name entry element Friendship
General subdivision Fiction.
650 #1 - SUBJECT ADDED ENTRY--TOPICAL TERM
Topical term or geographic name entry element Assertiveness
General subdivision Fiction.
906 ## - LOCAL DATA ELEMENT F, LDF (RLIN)
a 7
b cbc
c orignew
d 2
e ncip
f 19
g y-gencatlg
942 ## - ADDED ENTRY ELEMENTS (KOHA)
Source of classification or shelving scheme Dewey Decimal Classification
Koha item type Books
Suppress in OPAC No
999 ## -
-- 989
-- 989
Holdings
Withdrawn status Lost status Source of classification or shelving scheme Damaged status Not for loan Collection Home library Current library Shelving location Date acquired Total Checkouts Full call number Barcode Date last seen Date last checked out Price effective from Koha item type
    Dewey Decimal Classification     Juvenile Fiction Footprints International School Library Network Toul Kork Campus Footprints International School Library Network Toul Kork Campus   07/17/2023 1 MAR Fic PZ7.M3567585 FISBK06394 01/23/2024 01/16/2024 07/17/2023 Books